The Environmental Kuznets Curve and Water Stress: Revisiting the Evidence with Structural, Demographic, and Institutional Variables

Empirické preskúmanie, či existuje nelineárny vzťah medzi ekonomickým rozvojom a nedostatkom vody, ako to navrhuje hypotéza environmentálnej Kuznetovej krivky (EKC). Na testovanie hypotézy EKC a na vyhodnotenie vplyvov HDP na obyvateľa, podielu poľnohospodárstva a výroby na HDP, hustoty obyvateľstva...

Description complète

Enregistré dans:
Détails bibliographiques
Auteur principal: Augustín, Michael, 1991-
Autres auteurs: Nagy, Norbert, 2001-
Format: Chapitre de livre
Langue:anglais
Sujets:
Tags: Ajouter un tag
Pas de tags, Soyez le premier à ajouter un tag!

MARC

LEADER 00000naa$a2200000$$$4500
001 0314179
005 20260120101452.7
041 0 |a eng 
044 |a SK 
245 1 0 |a The Environmental Kuznets Curve and Water Stress: Revisiting the Evidence with Structural, Demographic, and Institutional Variables  |c Michael Augustín, Norbert Nagy 
520 |a Empirické preskúmanie, či existuje nelineárny vzťah medzi ekonomickým rozvojom a nedostatkom vody, ako to navrhuje hypotéza environmentálnej Kuznetovej krivky (EKC). Na testovanie hypotézy EKC a na vyhodnotenie vplyvov HDP na obyvateľa, podielu poľnohospodárstva a výroby na HDP, hustoty obyvateľstva a efektívnosti vlády bol použitý prierezový regresný model pre 84 krajín. Výsledky ukazujú, že hypotéza EKC nie je podložená, pretože samotný rast príjmov významne nevysvetľuje rozdiely vo vodnom strese. Namiesto toho sa ako najvýznamnejšie determinanty v našom modeli javia štrukturálne a demografické faktory. Štúdia prispieva k existujúcej literatúre rozšírením rámca EKC prostredníctvom začlenenia týchto dodatočných premenných a poskytnutím nových empirických dôkazov o faktoroch, ktoré spôsobujú nedostatok vody v jednotlivých krajinách. 
610 2 0 |a rozvoj hospodársky 
610 2 0 |a prostredie životné 
610 2 0 |a voda 
610 2 0 |a poľnohospodárstvo 
610 2 0 |a priemysel spracovateľský 
610 2 0 |a hustota obyvateľstva 
610 2 0 |a efektívnosť 
610 2 0 |a vláda 
100 1 |a Augustín, Michael, 1991- 
700 1 |a Nagy, Norbert, 2001-